| 000 | 02865cam a2200517 i 4500 | ||
|---|---|---|---|
| 001 | 21651112 | ||
| 003 | OSt | ||
| 005 | 20230703095031.0 | ||
| 008 | 200803s2021 enka b 001 0 eng d | ||
| 010 | _a 2020943450 | ||
| 015 |
_aGBC119180 _2bnb |
||
| 016 | 7 |
_a020103253 _2Uk |
|
| 020 |
_a9781529713466 _q(paperback) |
||
| 020 |
_a1529713463 _q(paperback) |
||
| 020 |
_a9781529713473 _q(hardback) |
||
| 020 |
_a1529713471 _q(hardback) |
||
| 020 | _z9781529756531 (ePub ebook) | ||
| 035 | _a(OCoLC)on1242751158 | ||
| 040 |
_beng _cNIRUC _dNIRUC |
||
| 042 | _alccopycat | ||
| 050 | 0 | 0 |
_aQ 180.55.M4 _b. O54 2021 |
| 082 | 0 | 4 |
_a300.72 _223 |
| 100 | 1 |
_aO'Leary, Zina, _eauthor. |
|
| 240 | 1 | 0 | _aEssential guide to doing research |
| 245 | 1 | 4 |
_aThe essential guide to doing your research project / _cZina O'Leary. |
| 250 | _a4th ed. | ||
| 260 |
_aLondon : _b SAGE, _c2021. |
||
| 264 | 1 |
_aLondon : _bSAGE, _c[2021] |
|
| 300 |
_aviii, 438 p, : _bill, _c25 cm |
||
| 336 |
_atext _btxt _2rdacontent |
||
| 337 |
_aunmediated _bn _2rdamedia |
||
| 338 |
_avolume _bnc _2rdacarrier |
||
| 500 | _a"First published in 2004 as 'The essential guide to doing research. The essential guide to doing your research project first published 2010."--verso. | ||
| 500 | _aPrevious edition: 2017. | ||
| 504 | _aIncludes bibliographical references (pages 420-431) and index. | ||
| 505 | 0 | _aTaking the leap into the research world -- Setting up and getting started -- Developing your research question -- Undertaking credible and ethical research -- Crafting a research proposal -- Reviewing literature -- Designing a research plan -- Understanding methodologies: quantitative and qualitative approaches -- Understanding methodologies: mixed approaches -- Understanding methodologies: evaluative, action-oriented and emancipatory strategies -- Identifying and selecting samples, informants and cases -- Primary data: surveys, interviews and observation -- Secondary data -- Online generated data -- Analysing quantitative data -- Analysing qualitative data -- The challenge of writing up -- Final hurdles. | |
| 520 |
_a"This practical book sets out how to approach each stage of your research project, from choosing a research design and methodology to collecting and analysing data and communicating your results--and showcases best practice along the way."-- _cPublisher's description. |
||
| 650 | 0 |
_aResearch _xMethodology. |
|
| 650 | 0 |
_aSocial sciences _xResearch. |
|
| 650 | 7 |
_aResearch _xMethodology. _2fast _0(OCoLC)fst01095216 |
|
| 650 | 7 |
_aSocial sciences _xResearch. _2fast _0(OCoLC)fst01122944 |
|
| 776 | 0 | 8 |
_iebook version : _z9781529756531 |
| 906 |
_a7 _bcbc _ccopycat _d2 _encip _f20 _gy-gencatlg |
||
| 942 |
_2lcc _cBK _n0 |
||
| 999 |
_c422 _d422 |
||